Constructing Muslims in France (Record no. 352843)
[ view plain ]
| 000 -LEADER | |
|---|---|
| fixed length control field | 00561nam a2200133Ia 4500 |
| 008 - FIXED-LENGTH DATA ELEMENTS--GENERAL INFORMATION | |
| fixed length control field | 171212s9999 xx 000 0 und d |
| 020 ## - INTERNATIONAL STANDARD BOOK NUMBER | |
| International Standard Book Number | 9781439910283 |
| 100 ## - MAIN ENTRY--PERSONAL NAME | |
| Personal name | Fredette, Jennifer |
| 245 ## - TITLE STATEMENT | |
| Statement of responsibility, etc | Fredette, Jennifer |
| Title | Constructing Muslims in France |
| Remainder of title | Discourse, Public Identity, and the Politics of Citizenship |
| 260 ## - PUBLICATION, DISTRIBUTION, ETC. (IMPRINT) | |
| Name of publisher, distributor, etc | Temple University Press |
| Date of publication, distribution, etc | 2014 |
| 650 ## - SUBJECT ADDED ENTRY--TOPICAL TERM | |
| Topical term or geographic name as entry element | Muslims -- France -- Social conditions; Muslims -- France -- Ethnic identity; France -- Ethnic relations |
| 650 ## - SUBJECT ADDED ENTRY--TOPICAL TERM | |
| Topical term or geographic name as entry element | Political Science |
| 856 ## - ELECTRONIC LOCATION AND ACCESS | |
| Uniform Resource Identifier | <a href="http://www.jstor.org/stable/j.ctt14bt3kx">http://www.jstor.org/stable/j.ctt14bt3kx</a> |
| Withdrawn status | Lost status | Damaged status | Home library | Current library | Date acquired | Total Checkouts | Full call number | Date last seen | Price effective from | Koha item type |
|---|---|---|---|---|---|---|---|---|---|---|
| College Library | College Library | 12/12/2017 | DC34.5.M87F74 2014 | 12/12/2017 | 12/12/2017 | Curriculum - Based eBooks |